Which City in Quebec? - Statistics

General Stats
  • This quiz has been taken 31 times
  • The average score is 15 of 20
Answer Stats
Description Letter City % Correct
Only city in Canada or the U.S. to be fortified by ramparts Q Québec City
100%
Established in 1642 as Ville-Marie, but later named for a large hill nearby M Montréal
97%
Neighboring city of Ottawa, Ontario G Gatineau
93%
Located at the delta of the Saint-Maurice River T Trois-Rivières
87%
Makes up the island of Jésus L Laval
83%
Largest city on the Richelieu River S {Saint}-{Jean}-sur-Richelieu
83%
Consists of three boroughs, including Saint-Hubert and Greenfield Park L Longueuil
77%
The Magog River flows through this city S Sherbrooke
77%
Has the largest zoo in Québec G Granby
73%
Its name is said to have come from the Innu word "Saki-nip" S Saguenay
73%
Located at the delta of the Richelieu River S {Sorel}-Tracy
73%
Name means "Good Land" in French T Terrebonne
73%
The Château Frontenac can be seen across the river from this city L Lévis
70%
Most popular skiing destination in Québec M Mont-{Tremblant}
70%
Name means "Two Mountains" in French D Deux-Montagnes
67%
Largest city in the Bas-Saint-Laurent region R Rimouski
67%
Small city where Céline Dion was born (hint: Holy Roman leader) C Charlemagne
53%
Former name of Val-des-Sources, due to its massive toxic mining pit A Asbestos
50%
Home to the Village Québécois d'Antan museum D Drummondville
50%
Located on the eastern side of the Samuel de Champlain Bridge B Brossard
43%
No matching quizzes found
Score Distribution
Percent of People with Each Score
Percentile by Number Answered
Your Score History
You have not taken this quiz